Historia de la conquista, población y progresos de Nueva España, segunda parte en continuación de la historia del inmortal cronista D. Antonio de Solís (Record no. 3257)

MARC details
000 -CABECERA
campo de control de longitud fija 00821nam a2200217 a 4500
001 - NÚMERO DE CONTROL
campo de control BRCA_3522
005 - FECHA Y HORA DE LA ÚLTIMA TRANSACCIÓN
campo de control 20190320204323.0
008 - DATOS DE LONGITUD FIJA--INFORMACIÓN GENERAL
campo de control de longitud fija 260709s1927----sp-a---###---#000-0#spa-#
041 ## - CÓDIGO DE LENGUA
Código de lengua del texto/banda sonora o título independiente spa
044 ## - CÓDIGO DEL PAÍS DE LA ENTIDAD EDITORA/PRODUCTORA
Código MARC del país sp
050 #4 - SIGNATURA TOPOGRÁFICA DE LA BIBLIOTECA DEL CONGRESO
Número de clasificación F1230
Número de documento/Ítem .T66 1927
100 1# - ENTRADA PRINCIPAL--NOMBRE DE PERSONA
Nombre de persona Tomas de San Rafael, Fray.
9 (RLIN) 9150
245 10 - MENCIÓN DE TÍTULO
Título Historia de la conquista, población y progresos de Nueva España, segunda parte en continuación de la historia del inmortal cronista D. Antonio de Solís
Mención de responsabilidad, etc. por el P. Fr. Tomas de S. Rafael, carmelita descalzo.
260 ## - PUBLICACIÓN, DISTRIBUCIÓN, ETC.
Lugar de publicación, distribución, etc. Valencia
Nombre del editor, distribuidor, etc. Tip del Carmen
Fecha de publicación, distribución, etc. 1927
300 ## - DESCRIPCIÓN FÍSICA
Extensión xxii, 522 p.
Otras características físicas il.
Dimensiones 22 cm.
500 ## - NOTA GENERAL
Nota general Obra inédita escrita en 1788 publicada por Francisco Orozco y Jiménez, arzobispo de Guadalajara en 1927.
500 ## - NOTA GENERAL
Nota general B126
651 #4 - PUNTO DE ACCESO ADICIONAL DE MATERIA--NOMBRE GEOGRÁFICO
Nombre geográfico México
Subdivisión general Historia.
9 (RLIN) 614
902 ## - CATALOGADOR
Iniciales GFM
942 ## - ELEMENTOS DE PUNTO DE ACCESO ADICIONAL (KOHA)
Fuente del sistema de clasificación o colocación Library of Congress Classification
Tipo de ítem Koha Libros
Holdings
Estado de retiro Estado de pérdida Estado dañado No para préstamo Localización permanente Ubicación/localización actual Fecha de adquisición Número de inventario Total de préstamos Signatura topográfica completa Código de barras Fecha visto por última vez Precio válido a partir de Tipo de ítem Koha
El ejemplar forma parte de la colección y puede ser consultado según las políticas vigentes.       Biblioteca del Museo Franz Mayer (Rogerio Casas-Alatriste) Biblioteca del Museo Franz Mayer (Rogerio Casas-Alatriste) 26/07/2009 B126   F1230 .T66 1927 (B126) 3519 22/03/2019 22/03/2019 Libros